MARC details
| 000 -LÍDER |
| campo de controle de tamanho fixo |
01462naa a22003377a 4500 |
| 001 - NÚMERO DE CONTROLE |
| campo de controle |
BR7604183 |
| 003 - IDENTIFICADOR DO NÚMERO DE CONTROLE |
| campo de controle |
BR-BrBNA |
| 005 - DATA E HORÁRIO DA ÚLTIMA TRANSAÇÃO |
| campo de controle |
20240918173924.0 |
| 007 - CAMPO FIXO DE DESCRIÇÃO FÍSICA--INFORMAÇÃO GERAL |
| campo de controle de tamanho fixo |
ta |
| 008 - CAMPO DE DADOS FIXOS--INFORMAÇÃO GERAL |
| campo de controle de tamanho fixo |
230509b bl.||||| |||| 00| 0 por d |
| 040 ## - FONTE DA CATALOGAÇÃO |
| Instituição da catalogação original |
BR-BrBNA |
| Idioma da catalogação |
por |
| Instituição que transcreveu o registro |
Biblioteca Nacional de Agricultura |
| 041 ## - CÓDIGO DE IDIOMA |
| Código do idioma do texto/trilha sonora ou título diferente |
(Pt) |
| 072 ## - CÓDIGO DE CATEGORIA DE ASSUNTO |
| Código de Categoria de Assunto |
M00; E15 |
| Código do objeto |
8134 |
| -- |
G514 |
| 090 ## - NÚMERO DE CHAMADA LOCAL |
| Número de chamada |
M00 BR7604183 |
| 100 1# - ENTRADA PRINCIPAL--NOME PESSOAL |
| Nome pessoal |
Lovshing, L. |
| 100 1# - ENTRADA PRINCIPAL--NOME PESSOAL |
| Nome pessoal |
Peixoto, J.T. |
| 100 1# - ENTRADA PRINCIPAL--NOME PESSOAL |
| Nome pessoal |
Vasconcelos, E.A. |
| 111 1# - ENTRADA PRINCIPAL--NOME DO EVENTO |
| Nome do evento ou lugar |
1. Encontro Nacional sobre Limnologia, Piscicultura e Pesca Continental |
| Local do evento |
Belo Horizonte, MG (Brazil) |
| Data do evento ou assinatura do tratado |
15 Sep 1975 |
| 245 1# - TÍTULO |
| Título |
Consideracoes ecologicas e economicas sobre Tilapia sp no Nordeste do Brasil |
| 260 3# - PUBLICAÇÃO, DISTRIBUIÇÃO, ETC. |
| Local de publicação, distribuição, etc. |
Belo Horizonte, MG (Brasil): |
| Data da publicação, distribuição, etc. |
1976. |
| 500 ## - NOTA GERAL |
| Nota geral |
Vargas, J.I.; Loureiro, C.G.C.; Milward-de-Andrade, R. (eds.)<br/>Anais do 1. Encontro Nacional sobre Limnologia, Piscicultura e Pesca Continental<br/>Belo Horizonte, MG (Brasil): 1976. p. 227-239<br/>(BR7604183-AM)M00<br/> |
| 650 ## - ASSUNTO--TERMO TÓPICO |
| Cabeçalho tópico ou nome geográfico |
TILAPIA |
| 650 ## - ASSUNTO--TERMO TÓPICO |
| Cabeçalho tópico ou nome geográfico |
ACUDE |
| 650 ## - ASSUNTO--TERMO TÓPICO |
| Cabeçalho tópico ou nome geográfico |
CRIACAO |
| 650 ## - ASSUNTO--TERMO TÓPICO |
| Cabeçalho tópico ou nome geográfico |
CUSTO |
| 650 ## - ASSUNTO--TERMO TÓPICO |
| Cabeçalho tópico ou nome geográfico |
LUCRO |
| 650 ## - ASSUNTO--TERMO TÓPICO |
| Cabeçalho tópico ou nome geográfico |
REGIAO NORDESTE |
| 773 0# - ENTRADA ANALÍTICA |
| Título |
Anais do 1. Encontro Nacional sobre Limnologia, Piscicultura e Pesca Continental |
| Entrada principal |
Vargas, J.I.; Loureiro, C.G.C.; Milward-de-Andrade, R. (eds.). Fundacao Joao Pinheiro, Belo Horizonte, MG (Brasil). Centro de Recursos Naturais |
| Número de controle do registro |
M00 BR7604183 |
| Partes relacionadas |
Belo Horizonte, MG (Brasil), 1976. p. 227-239 |
| 909 ## - |
| -- |
202404 |
| -- |
Lucia |
| -- |
55 |
| -- |
Lucia Elande |
| 942 ## - ELEMENTOS DE ENTRADA ADICIONADOS (KOHA) |
| Tipo de material Koha |
Capítulo-Livro |
| Fonte da classificação ou esquema de arquivamento na estante |
Classificação AGRIS |